[Event "ICS rated blitz match"]
[Site "204.178.125.65"]
[Date "2000.02.17"]
[Round "?"]
[White "Hossa"]
[Black "Beadle"]
[Result "0-1"]
[WhiteElo "2350"]
[BlackElo "2597"]
[PlyCount "192"]

1. e4 c5 2. Nc3 Nc6 3. g3 g6 4. Bg2 Bg7 5. d3 d6 6. Be3 e6 7. Qd2 Qa5 8. Nge2
Nge7 9. Bf4 Bxc3 10. Qxc3 Qxc3+ 11. bxc3 e5 12. Bh6 Be6 13. Bg7 Rg8 14. Bf6
O-O-O 15. c4 Kc7 16. Nc3 Kb8 17. f4 exf4 18. gxf4 Rde8 19. O-O Nb4 20. Rf2 Nbc6
21. Rb1 b6 22. Nb5 Rd8 23. a4 Rd7 24. Nc3 Nb4 25. h3 Rc8 26. Nb5 Nbc6 27. h4 a6
28. Nc3 Nb4 29. Nd1 a5 30. Rd2 Ng8 31. Ba1 Ka7 32. Nc3 Ne7 33. Nb5+ Kb8 34. c3
Nbc6 35. Na3 Ka7 36. Rdb2 Rb8 37. Nb5+ Ka8 38. Re2 Kb7 39. Ree1 Rdd8 40. Bb2
Rbc8 41. Bc1 Rd7 42. Re3 f6 43. Bb2 Kb8 44. Ba1 h6 45. Na3 Rb7 46. d4 Bg4 47.
Nb5 Rd8 48. Rg3 h5 49. Bh1 Be2 50. d5 Na7 51. Na3 Re8 52. Bb2 Nac8 53. Bg2 Rf8
54. Re3 Bg4 55. Nc2 Rc7 56. Ree1 Bd7 57. Ra1 Ka7 58. Reb1 Re8 59. Bc1 Ng8 60.
Ne3 f5 61. exf5 Nce7 62. fxg6 Nxg6 63. Bf3 Nxf4 64. Rb3 Nf6 65. Rab1 Rb7 66.
Nf1 Rg8+ 67. Kh1 Nd3 68. Be3 Ne5 69. Be2 Bxa4 70. R3b2 Ne4 71. Rc1 Rbg7 72. Ra2
Bb3 73. Rb2 Bxc4 74. Bxc4 Nxc4 75. Ra2 Nxe3 76. Nxe3 Rg3 77. Rg2 Rh3+ 78. Kg1
Rxg2+ 79. Nxg2 Nxc3 80. Re1 a4 81. Re6 a3 82. Nf4 Rxh4 83. Re7+ Ka6 84. Ne6 a2
85. Nc7+ Ka5 86. Re1 Rb4 87. Kh2 Rb1 88. Re8 Na4 89. Ra8+ Kb4 90. Na6+ Kb3 91.
Nc7 Rb2+ 92. Kh3 a1=Q 93. Kg3 Qg1+ 94. Kf4 Qg4+ 95. Ke3 Re2+ 96. Kd3 Qf3# 0-1

[Event "ICS rated blitz match"]
[Site "204.178.125.65"]
[Date "2000.02.17"]
[Round "?"]
[White "Hossa"]
[Black "Diane"]
[Result "1-0"]
[WhiteElo "2344"]
[BlackElo "2046"]
[PlyCount "63"]

1. c4 e6 2. d4 d5 3. cxd5 exd5 4. Nc3 Bf5 5. Qa4+ c6 6. Nf3 Nd7 7. Bf4 Ngf6 8.
O-O-O Be7 9. e3 b5 10. Qb3 a5 11. Nb1 O-O 12. Bd3 Bxd3 13. Qxd3 b4 14. Be5 a4
15. Bxf6 Nxf6 16. Ne5 Rc8 17. Nd2 c5 18. dxc5 Rxc5+ 19. Kb1 a3 20. Rc1 axb2 21.
Kxb2 Qa5 22. Nc6 Qa3+ 23. Qxa3 bxa3+ 24. Kb3 Bd6 25. Rxc5 Bxc5 26. Rc1 Bd6 27.
h3 Ne4 28. Nxe4 dxe4 29. Rd1 Bc5 30. Kc4 Bb6 31. Rd7 Rc8 32. Kb5 1-0

[Event "ICS rated standard match"]
[Site "204.178.125.65"]
[Date "2000.02.17"]
[Round "?"]
[White "frankenpole"]
[Black "Hossa"]
[Result "0-1"]
[WhiteElo "2005"]
[BlackElo "2182"]
[PlyCount "83"]

1. e4 g6 2. d4 Bg7 3. c3 d5 4. exd5 Qxd5 5. Bf4 Qe6+ 6. Qe2 c6 7. Nf3 Nf6 8. c4
Qf5 9. Bd6 O-O 10. Bxe7 Re8 11. Nc3 Qd7 12. O-O-O Bh6+ 13. Kb1 Rxe7 14. Qc2 Na6
15. Ne5 Qe8 16. Nd3 Bf5 17. h3 Rd7 18. g4 Be4 19. Re1 Bxh1 20. Rxe8+ Rxe8 21.
Ne2 Be4 22. Qc3 Nc5 23. Ng3 Red8 24. dxc5 Rxd3 25. Bxd3 Rxd3 26. Nxe4 Rxc3 27.
Nxc3 Bd2 28. Ne2 Ne4 29. Kc2 Bb4 30. f4 Bxc5 31. Nc1 Kg7 32. Nd3 Be3 33. b4 h5
34. gxh5 gxh5 35. b5 c5 36. a4 b6 37. Ne5 Bxf4 38. Nc6 Nf2 39. h4 Bg3 40. Nxa7
Bxh4 41. Nc6 f5 42. Ne7 0-1

[Event "ICS rated blitz match"]
[Site "204.178.125.65"]
[Date "2000.02.17"]
[Round "?"]
[White "JudgeTurpin"]
[Black "Hossa"]
[Result "1-0"]
[WhiteElo "2354"]
[BlackElo "2349"]
[PlyCount "27"]

1. d4 d5 2. a3 Bg4 3. h3 Bh5 4. Qd3 e6 5. e4 Nc6 6. e5 Bg6 7. Qd1 Qh4 8. Be3
Qe4 9. c3 f6 10. Nd2 Qf5 11. Ngf3 fxe5 12. Bb5 Bd6 13. dxe5 Nge7 14. exd6 1-0

[Event "ICS rated blitz match"]
[Site "204.178.125.65"]
[Date "2000.02.17"]
[Round "?"]
[White "Hossa"]
[Black "JudgeTurpin"]
[Result "0-1"]
[WhiteElo "2333"]
[BlackElo "2370"]
[PlyCount "118"]

1. e4 e5 2. Nc3 Bc5 3. Nf3 d6 4. Na4 Bb6 5. Nxb6 axb6 6. d4 exd4 7. Qxd4 Nf6 8.
Bg5 Nc6 9. Bb5 Bd7 10. Bxc6 Bxc6 11. O-O O-O 12. Rfe1 Ra4 13. c4 Re8 14. Nd2
Ra5 15. Bxf6 Qxf6 16. Qxf6 gxf6 17. b4 Ra3 18. b5 Bd7 19. Nb1 Rd3 20. f3 f5 21.
Kf2 fxe4 22. fxe4 Re5 23. Re3 Rd1 24. h4 Be6 25. Ke2 Rh1 26. Kd2 f5 27. Rg3+
Kf7 28. Rf3 Rxe4 29. Nc3 Rd4+ 30. Ke3 Rhxh4 31. g3 Rhg4 32. Rh1 Kg6 33. Rb1
Bxc4 34. Rb2 h5 35. Rd2 Rxd2 36. Kxd2 Rd4+ 37. Kc2 h4 38. gxh4 Rxh4 39. Re3
Rh2+ 40. Kc1 f4 41. Re7 f3 42. Nd1 Rh1 43. Kc2 Rxd1 44. Kxd1 f2 45. Re6+ Kf5
46. Re1 fxe1=R+ 47. Kxe1 Bxb5 48. Kd1 Ba4+ 49. Kc1 d5 50. Kd2 Ke4 51. Ke2 d4
52. Kd2 c5 53. Ke2 c4 54. Kf1 Kf3 55. Ke1 c3 56. a3 d3 57. Kf1 c2 58. Kg1 Kg3
59. Kf1 c1=Q# 0-1

[Event "ICS rated blitz match"]
[Site "204.178.125.65"]
[Date "2000.02.17"]
[Round "?"]
[White "Bannon"]
[Black "Hossa"]
[Result "0-1"]
[WhiteElo "2137"]
[BlackElo "2319"]
[PlyCount "24"]

1. e4 c5 2. c3 e6 3. Bb5 Nc6 4. Ne2 a6 5. Ba4 d5 6. Bxc6+ bxc6 7. Qa4 Bd7 8.
O-O c4 9. e5 Qc7 10. f4 g5 11. d4 cxd3 12. Ng3 Bc5+ 0-1

[Event "ICS rated standard match"]
[Site "204.178.125.65"]
[Date "2000.02.17"]
[Round "?"]
[White "Hossa"]
[Black "leonid"]
[Result "1-0"]
[WhiteElo "2190"]
[BlackElo "2031"]
[PlyCount "49"]

1. c4 Nf6 2. Nf3 g6 3. d4 d5 4. cxd5 Nxd5 5. e4 Nb6 6. Be3 Bg7 7. Nc3 O-O 8.
Be2 Nc6 9. d5 Ne5 10. Nxe5 Bxe5 11. a4 Bd7 12. O-O e6 13. a5 Nc8 14. a6 b6 15.
dxe6 Bxe6 16. f4 Bg7 17. Qxd8 Rxd8 18. f5 Bb3 19. f6 Bf8 20. e5 c6 21. Bf3 Rb8
22. Bf4 Rd4 23. Bxc6 Bc5 24. Kh1 h5 25. e6 1-0

[Event "ICS rated standard match"]
[Site "204.178.125.65"]
[Date "2000.02.17"]
[Round "?"]
[White "lynx"]
[Black "Hossa"]
[Result "1-0"]
[WhiteElo "2004"]
[BlackElo "2199"]
[PlyCount "127"]

1. e4 e6 2. d4 d5 3. e5 c5 4. c3 Qb6 5. Nf3 Nc6 6. a3 c4 7. g3 Bd7 8. Bg2 Be7
9. Qc2 O-O-O 10. O-O h5 11. Re1 h4 12. Nxh4 Bxh4 13. gxh4 Na5 14. Bf4 Rf8 15.
Nd2 Rxh4 16. Be3 Nb3 17. Nxb3 cxb3 18. Qe2 Bb5 19. Qd1 Bc4 20. Bg5 Rh7 21. Qf3
Nh6 22. Bh3 Rfh8 23. a4 Qc6 24. a5 Qe8 25. a6 Ng8 26. axb7+ Kxb7 27. Bg2 Rxh2
28. Qg3 R2h5 29. Ra5 a6 30. Rc5 Ka7 31. Rc7+ Kb6 32. Rxc4 dxc4 33. Qf3 Qc8 34.
Bd8+ Ka7 35. Qxf7+ Kb8 36. Bb6 Rh1+ 37. Bxh1 Rxh1+ 38. Kxh1 Qb7+ 39. Qxb7+ Kxb7
40. Bc5 Nh6 41. Rg1 Kc6 42. Rxg7 Nf5 43. Ra7 a5 44. Ra6+ Kd7 45. Rxa5 Ke8 46.
Ra8+ Kf7 47. Rf8+ Kg6 48. Rf6+ Kg5 49. Rxe6 Ng7 50. d5 Kf5 51. Re7 Nh5 52. Bd4
Ke4 53. d6 Nf4 54. d7 Ng6 55. d8=Q Nf4 56. Bc5 Nd5 57. f3+ Kd3 58. Qxd5+ Kc2
59. Qxc4 Kd1 60. Qxb3+ Ke2 61. Kg2 Ke1 62. Rd7 Ke2 63. Qc2+ Ke1 64. Rd1# 1-0

[Event "ICS rated blitz match"]
[Site "204.178.125.65"]
[Date "2000.02.17"]
[Round "?"]
[White "Hossa"]
[Black "virusx"]
[Result "0-1"]
[WhiteElo "2327"]
[BlackElo "2602"]
[PlyCount "172"]

1. c4 Nf6 2. Nc3 e6 3. d4 Bb4 4. e3 O-O 5. a3 Bxc3+ 6. bxc3 d5 7. Nf3 Ne4 8.
Bd3 Nxc3 9. Qc2 Ne4 10. Bxe4 dxe4 11. Qxe4 f5 12. Qf4 Qd6 13. Qg5 Nd7 14. c5
Qa6 15. Qe7 Qc4 16. Bd2 c6 17. Rc1 Qa2 18. O-O Nf6 19. Ra1 Qc2 20. Rfc1 Qd3 21.
Re1 Re8 22. Qf7+ Kxf7 23. Ne5+ Kg8 24. Nxd3 b6 25. Ne5 Nd7 26. Nxd7 Bxd7 27.
Bc3 Reb8 28. Rad1 Be8 29. Rb1 Rd8 30. Rb3 bxc5 31. dxc5 Rab8 32. Rxb8 Rxb8 33.
Be5 Rb3 34. Ra1 Bh5 35. a4 Kf7 36. h3 g5 37. Kh2 Kg6 38. Bd4 Be2 39. Bh8 Rd3
40. Ra2 Bd1 41. Bd4 f4 42. Ra1 Kf5 43. a5 e5 44. Bb2 fxe3 45. fxe3 Ke4 46. Rc1
Rd2 47. Ba1 Bf3 48. Rg1 Rc2 49. h4 gxh4 50. a6 h6 51. Kh3 Be2 52. Kxh4 Rxc5 53.
g4 Bxa6 54. g5 hxg5+ 55. Rxg5 Rd5 56. Rg4+ Kxe3 57. Rg3+ Kf4 58. Bb2 Be2 59.
Rg2 Bb5 60. Rg7 a5 61. Rg4+ Kf5 62. Rg2 c5 63. Ba1 a4 64. Rg5+ Kf6 65. Rg3 Bd3
66. Rg8 Kf5 67. Bc3 Bc4 68. Bb2 Be2 69. Ra8 Rd2 70. Bc3 Rc2 71. Ba1 Bb5 72. Rb8
a3 73. Rxb5 Rc1 74. Kg3 Rxa1 75. Rb3 a2 76. Ra3 Rg1+ 77. Kf2 a1=Q 78. Rxa1 Rxa1
79. Kf3 Ra2 80. Ke3 c4 81. Kf3 e4+ 82. Ke3 c3 83. Kd4 c2 84. Kd5 c1=Q 85. Kd6
Ra7 86. Kd5 Rd7# 0-1

[Event "ICS rated blitz match"]
[Site "204.178.125.65"]
[Date "2000.02.17"]
[Round "?"]
[White "Brookie"]
[Black "Hossa"]
[Result "0-1"]
[WhiteElo "2095"]
[BlackElo "2322"]
[PlyCount "71"]

1. d4 Nf6 2. c4 c6 3. Nc3 d5 4. e3 e6 5. Nf3 Nbd7 6. cxd5 cxd5 7. Bd3 Bd6 8.
O-O O-O 9. Bd2 Nb6 10. Rc1 Bd7 11. Qe2 Rc8 12. Nb5 Bxb5 13. Bxb5 Qe7 14. Bd3
Bb4 15. a3 Bxd2 16. Qxd2 Rxc1 17. Rxc1 Rc8 18. Ne5 Rxc1+ 19. Qxc1 Qd8 20. Qc5
g5 21. b3 Kg7 22. h3 h5 23. f3 h4 24. Kf2 Nh5 25. a4 Ng3 26. Bb5 f6 27. Ng4 Nf5
28. Bd3 Ne7 29. Bb5 Nbc8 30. b4 b6 31. Qc2 Nd6 32. Bd3 Nf7 33. b5 Qd6 34. Kg1
f5 35. Nf2 Qg3 36. Nh1 0-1

[Event "ICS rated standard match"]
[Site "204.178.125.65"]
[Date "2000.02.17"]
[Round "?"]
[White "HIG"]
[Black "Hossa"]
[Result "0-1"]
[WhiteElo "1857"]
[BlackElo "2175"]
[PlyCount "40"]

1. e4 c6 2. d4 d5 3. Nc3 dxe4 4. Nxe4 Nd7 5. c3 Ngf6 6. Nxf6+ Nxf6 7. Bd3 Qd5
8. f3 e5 9. Ne2 exd4 10. Nxd4 Be6 11. O-O Bc5 12. Be3 O-O 13. Qc2 Qh5 14. Bf2
Bd6 15. Bg3 Bxg3 16. hxg3 Qg5 17. Kf2 g6 18. Rh1 Rae8 19. Rh4 Nh5 20. Rg4 Bxg4
0-1

[Event "ICS rated standard match"]
[Site "204.178.125.65"]
[Date "2000.02.17"]
[Round "?"]
[White "Hossa"]
[Black "germanicus"]
[Result "0-1"]
[WhiteElo "2179"]
[BlackElo "2440"]
[PlyCount "114"]

1. Nf3 Nf6 2. c4 e6 3. d4 d5 4. e3 c5 5. cxd5 exd5 6. Bb5+ Bd7 7. Bxd7+ Nbxd7
8. Nc3 c4 9. O-O Bb4 10. Bd2 O-O 11. Qa4 Bxc3 12. Bxc3 Re8 13. Rfd1 a6 14. Rac1
b5 15. Qa5 Ne4 16. Qxd8 Raxd8 17. Ba5 Ra8 18. h4 Re6 19. Kf1 Nb8 20. Ne5 f6 21.
Nf3 Nc6 22. Be1 a5 23. Ng1 Nb4 24. Ne2 Nd3 25. Rc2 b4 26. Nc1 Nxe1 27. Rxe1 a4
28. Ne2 b3 29. axb3 axb3 30. Rcc1 Nd2+ 31. Kg1 Ra2 32. Nc3 Rxb2 33. Ra1 Ne4 34.
Ra8+ Kf7 35. Nxd5 Rd6 36. Ra7+ Ke8 37. f3 Rxd5 38. fxe4 Rd7 39. Ra8+ Ke7 40.
Rc1 Rc2 41. Rxc2 bxc2 42. Ra1 Rb7 43. Kf2 Rb1 44. Ra7+ Kf8 45. Ra8+ Kf7 46.
Ra7+ Kg6 47. h5+ Kh6 48. e5 c1=Q 49. Kf3 Qf1+ 50. Ke4 Qxg2+ 51. Kf5 Rb5 52. Ke6
Qd5+ 53. Ke7 Rb6 54. e4 Qe6+ 55. Kd8 Rb8+ 56. Kc7 Rc8+ 57. Kb7 Qc6# 0-1

[Event "ICS Rated blitz match"]
[Site "204.178.125.65"]
[Date "2000.02.17"]
[Round "?"]
[White "Hossa"]
[Black "kako"]
[Result "1-0"]
[WhiteElo "2329"]
[BlackElo "1993"]
[PlyCount "81"]

1. e4 e6 2. d4 d5 3. Nc3 Bb4 4. e5 Nc6 5. Qg4 Nge7 6. Qxg7 Rg8 7. Qxh7 Nxd4 8.
a3 Ba5 9. b4 Bb6 10. Na4 Rg6 11. Ra2 Bd7 12. Nxb6 axb6 13. h4 c5 14. h5 Rg8 15.
c3 Ndc6 16. bxc5 bxc5 17. Nf3 Qc7 18. Re2 O-O-O 19. Qxf7 Rdf8 20. Qh7 d4 21.
Bb2 Nd5 22. cxd4 c4 23. Rc2 Qb6 24. Bxc4 Rxg2 25. Bf1 Rgg8 26. Nd2 Nc7 27. Nc4
Qa7 28. Nd6+ Kd8 29. Bh3 Nxd4 30. Bxd4 Qxd4 31. Nxb7+ Kc8 32. Nd6+ Kb8 33. Qxd7
Qxe5+ 34. Re2 Qa1+ 35. Kd2 Qxh1 36. Kc2 Qxh3 37. Qc6 Qf5+ 38. Nxf5 Rxf5 39. h6
Rh8 40. Qb6+ Kc8 41. Rxe6 1-0

[Event "ICS rated blitz match"]
[Site "204.178.125.65"]
[Date "2000.02.17"]
[Round "?"]
[White "Kair"]
[Black "Hossa"]
[Result "1-0"]
[WhiteElo "2575"]
[BlackElo "2333"]
[PlyCount "93"]

1. d4 d5 2. c4 dxc4 3. e3 Nf6 4. Nc3 Be6 5. Nf3 c5 6. Qa4+ Qd7 7. dxc5 Qxa4 8.
Nxa4 Nc6 9. Bd2 Bd5 10. Be2 O-O-O 11. Rc1 e5 12. Bxc4 e4 13. Nd4 Ne5 14. Bf1
Bxa2 15. b3 Nc6 16. Nxc6 bxc6 17. Bc4 Rd3 18. Nc3 Bxb3 19. Bxb3 Bxc5 20. Bxf7
Ba3 21. Rc2 Rf8 22. Be6+ Kc7 23. Nb5+ Kb6 24. Nxa3 Rxa3 25. Bb4 Ra1+ 26. Ke2
Rxh1 27. Bxf8 Rxh2 28. Bxg7 Nd5 29. Bd4+ Kb7 30. Bf5 Rxg2 31. Bxe4 Rh2 32. Be5
Rh5 33. Bd6 a5 34. Kd3 Rh6 35. Rb2+ Ka6 36. Bc5 a4 37. f4 Rh5 38. Kd4 Nc7 39.
Rb6+ Ka5 40. Rxc6 Na6 41. Bd3 Nb8 42. Rc7 Rh6 43. Rb7 Rd6+ 44. Bxd6 Nc6+ 45.
Kc5 a3 46. Bc7+ Ka4 47. Bc2# 1-0

[Event "ICS rated blitz match"]
[Site "204.178.125.65"]
[Date "2000.02.17"]
[Round "?"]
[White "Hossa"]
[Black "Weezer"]
[Result "0-1"]
[WhiteElo "2327"]
[BlackElo "2622"]
[PlyCount "102"]

1. Nf3 Nf6 2. g3 d5 3. Bg2 c6 4. O-O Bf5 5. d3 e6 6. c4 Be7 7. cxd5 exd5 8. Bf4
O-O 9. Nc3 d4 10. Ne4 Nxe4 11. dxe4 Bxe4 12. Qxd4 Qxd4 13. Nxd4 Bxg2 14. Kxg2
Bf6 15. Rad1 Na6 16. Rd2 Rad8 17. Rfd1 Nb4 18. a4 Rfe8 19. Nf5 Rxd2 20. Rxd2
Nd5 21. Nd6 Nxf4+ 22. gxf4 Rd8 23. e4 Be7 24. e5 Bxd6 25. Rxd6 Rxd6 26. exd6
Kf8 27. f5 Ke8 28. f6 g6 29. Kf3 Kd7 30. Kf4 Kxd6 31. Kg5 b6 32. Kh6 Ke6 33. h4
Kxf6 34. Kxh7 a5 35. Kh6 b5 36. h5 bxa4 37. hxg6 fxg6 38. Kh7 c5 39. Kg8 c4 40.
Kf8 c3 41. bxc3 a3 42. Ke8 a2 43. Kd7 a1=Q 44. c4 Qd4+ 45. Kc6 Qxc4+ 46. Kb6 a4
47. Kb7 a3 48. f3 a2 49. Kb6 a1=Q 50. Kb7 Qb1+ 51. Ka7 Qca2# 0-1

[Event "ICS rated blitz match"]
[Site "204.178.125.65"]
[Date "2000.02.17"]
[Round "?"]
[White "Weezer"]
[Black "Hossa"]
[Result "1-0"]
[WhiteElo "2627"]
[BlackElo "2322"]
[PlyCount "151"]

1. d4 e6 2. c4 Nf6 3. Nc3 Bb4 4. e3 d5 5. Bd3 c5 6. Nf3 cxd4 7. exd4 dxc4 8.
Bxc4 O-O 9. O-O Bd7 10. Bg5 h6 11. Bf4 Nc6 12. Ne5 Rc8 13. Qd3 Be8 14. Nxc6
Bxc6 15. Nb5 Nh5 16. Be3 Bxb5 17. Bxb5 Bd6 18. Qe4 Qb6 19. Be2 Nf6 20. Qd3 Nd5
21. Rab1 Qc7 22. Rbc1 Bxh2+ 23. Kh1 Qd6 24. Rxc8 Rxc8 25. g3 Bxg3 26. fxg3 Qxg3
27. Rf3 Qe1+ 28. Bg1 Rc1 29. Bf1 Qh4+ 30. Bh2 Nb4 31. Qe3 Nxa2 32. Qe5 Qd8 33.
Qf4 f6 34. Bg1 Qd5 35. Bg2 Qh5+ 36. Rh3 Qd1 37. Qe3 Kh8 38. Bxb7 Qg4 39. Rh2
Rb1 40. Bg2 Qd1 41. Be4 Rc1 42. Bg6 Qg4 43. Rxh6+ Kg8 44. Rh2 a6 45. Rh5 Rd1
46. Rh2 Rc1 47. Bh7+ Kf7 48. Bc2 f5 49. d5 exd5 50. Qa7+ Ke6 51. Qxa6+ Kf7 52.
Qb7+ Kf6 53. Qc6+ Ke7 54. Qc5+ Ke6 55. Qf2 Kf6 56. b3 f4 57. Qd4+ Ke6 58. Qb6+
Kd7 59. Qb5+ Kd6 60. Qc5+ Kd7 61. Qxd5+ Ke7 62. Qc5+ Kf7 63. Qc7+ Kf6 64. Qd6+
Kf7 65. Bg6+ Qxg6 66. Qxf4+ Ke7 67. Qe5+ Kd7 68. Qd4+ Ke8 69. Re2+ Kf7 70. Qd5+
Kf8 71. Qd8+ Kf7 72. Qe8+ Kf6 73. Qe7+ Kf5 74. Qe5+ Kg4 75. Rg2+ Kh4 76. Qh2#
1-0

[Event "ICS rated blitz match"]
[Site "204.178.125.65"]
[Date "2000.02.17"]
[Round "?"]
[White "Hossa"]
[Black "Weezer"]
[Result "0-1"]
[WhiteElo "2317"]
[BlackElo "2632"]
[PlyCount "144"]

1. e4 e5 2. Nc3 Nc6 3. Bc4 Nf6 4. Nf3 Nxe4 5. Nxe4 d5 6. Bd3 dxe4 7. Bxe4 Bd6
8. Bxc6+ bxc6 9. O-O f6 10. Qe2 Be7 11. Re1 Bg4 12. h3 Bxf3 13. Qxf3 Qd5 14.
Qh5+ g6 15. Qh6 Bf8 16. Qh4 Bg7 17. d3 O-O 18. Bh6 Bxh6 19. Qxh6 Qc5 20. Re2
Rfd8 21. Rd1 Rab8 22. c3 a5 23. Rdd2 Qd5 24. c4 Qd6 25. Re4 a4 26. Rh4 Rd7 27.
g3 c5 28. Re4 c6 29. f4 Rdb7 30. fxe5 fxe5 31. Rh4 Qe7 32. Re4 Rxb2 33. Ree2 a3
34. Rf2 e4 35. Qe3 Qd7 36. dxe4 Qxh3 37. Rd1 Qh5 38. Rdf1 Rxf2 39. Qxf2 Qe5 40.
Qf7+ Kh8 41. Kh2 Rb2+ 42. Rf2 Rxf2+ 43. Qxf2 Kg7 44. Qe3 Qb2+ 45. Kh3 Qa1 46.
g4 Qxa2 47. Qxc5 Qb3+ 48. Kh4 Qf3 49. Qe7+ Kg8 50. Qe6+ Qf7 51. Qxc6 g5+ 52.
Kg3 Qf4+ 53. Kh3 Qf3+ 54. Kh2 Qf2+ 55. Kh1 Qh4+ 56. Kg1 Qxg4+ 57. Kf2 Qf4+ 58.
Ke2 a2 59. Qa8+ Kf7 60. Qd5+ Kg6 61. Qg8+ Kh6 62. Qa8 Qh2+ 63. Kd3 Qf2 64. Qc6+
Kh5 65. Qe8+ Kh4 66. Qe6 a1=Q 67. Qh6+ Kg4 68. Qe6+ Kg3 69. Qd6+ Kg2 70. c5
Qff1+ 71. Kc2 Qac1+ 72. Kb3 Qfc4# 0-1

[Event "ICS rated blitz match"]
[Site "204.178.125.65"]
[Date "2000.02.17"]
[Round "?"]
[White "dr-what"]
[Black "Hossa"]
[Result "0-1"]
[WhiteElo "1995"]
[BlackElo "2313"]
[PlyCount "64"]

1. e4 d6 2. d4 Nf6 3. Nc3 g6 4. g3 Bg7 5. Bg2 O-O 6. Nge2 e5 7. O-O Nbd7 8. h3
c6 9. a4 b6 10. Bg5 exd4 11. Nxd4 Bb7 12. Qd2 Ne5 13. Rad1 Nc4 14. Qc1 Qc7 15.
b3 Ne5 16. Bh6 Ba6 17. Rfe1 Rfe8 18. Nf5 gxf5 19. Qg5 Ng6 20. exf5 Rxe1+ 21.
Rxe1 Bxh6 22. Qxh6 Re8 23. Rxe8+ Nxe8 24. fxg6 hxg6 25. Ne4 d5 26. Ng5 Nf6 27.
h4 Qe7 28. Nf3 Qa3 29. Qg5 Qa1+ 30. Kh2 Bc8 31. Ne5 Qxe5 32. Qxe5 Ng4+ 0-1

[Event "ICS rated blitz match"]
[Site "204.178.125.65"]
[Date "2000.02.17"]
[Round "?"]
[White "Hossa"]
[Black "dr-what"]
[Result "1-0"]
[WhiteElo "2321"]
[BlackElo "1968"]
[PlyCount "51"]

1. e4 c5 2. Nf3 d6 3. d4 cxd4 4. Nxd4 Nf6 5. Nc3 a6 6. Be2 Qc7 7. O-O b5 8. Nd5
Nxd5 9. exd5 g6 10. a4 b4 11. Be3 Bg7 12. Re1 O-O 13. a5 Nd7 14. Nc6 Nc5 15.
Qc1 b3 16. Bxc5 dxc5 17. cxb3 Bd7 18. Nxe7+ Kh8 19. b4 Be5 20. bxc5 Bxh2+ 21.
Kf1 Bf4 22. Qc4 Bb5 23. Qe4 f5 24. Qb4 Rab8 25. Bxb5 Rxb5 26. Qd4+ 1-0

[Event "ICS rated blitz match"]
[Site "204.178.125.65"]
[Date "2000.02.17"]
[Round "?"]
[White "sixtyfifth"]
[Black "Hossa"]
[Result "1-0"]
[WhiteElo "1958"]
[BlackElo "2325"]
[PlyCount "69"]

1. e4 c5 2. Nf3 d6 3. c3 Nf6 4. Bd3 Bg4 5. Bc2 Nc6 6. h3 Bxf3 7. Qxf3 e6 8. O-O
Be7 9. Re1 O-O 10. d3 Re8 11. Nd2 d5 12. e5 Nd7 13. Qg3 Qa5 14. Nf3 Nf8 15. h4
Nd7 16. Bg5 Bxg5 17. hxg5 d4 18. c4 Qb6 19. b3 Rad8 20. Re4 Qa5 21. Rae1 Qxa2
22. Bb1 Qxb3 23. Rh4 Qb4 24. Qf4 Ncxe5 25. Rxe5 Nxe5 26. Nxe5 Qxb1+ 27. Kh2 Rf8
28. Rh3 Qe1 29. Ng4 Rd7 30. Nf6+ gxf6 31. gxf6 Qe4 32. dxe4 Ra8 33. Qg5+ Kf8
34. Qg7+ Ke8 35. Qg8# 1-0

[Event "ICS rated blitz match"]
[Site "204.178.125.65"]
[Date "2000.02.17"]
[Round "?"]
[White "izirom"]
[Black "Hossa"]
[Result "0-1"]
[WhiteElo "2036"]
[BlackElo "2296"]
[PlyCount "86"]

1. e4 e5 2. Nf3 d6 3. Bc4 Be7 4. d4 exd4 5. Nxd4 Nf6 6. Nc3 O-O 7. O-O Nxe4 8.
Nxe4 d5 9. Bd3 dxe4 10. Bxe4 Nd7 11. c3 Nf6 12. Bf3 c5 13. Nb3 Qb6 14. Be3 Be6
15. Qc2 Ng4 16. Bf4 Rad8 17. h3 Nf6 18. c4 Rfe8 19. Rad1 Qa6 20. Nd2 Rd4 21.
Be3 Rd6 22. b3 Rd7 23. Ne4 Bf5 24. Nxf6+ Qxf6 25. Be4 Bxe4 26. Qxe4 Rc7 27. Bf4
Rc6 28. Bg3 b6 29. Rfe1 Re6 30. Qd5 Rd8 31. Qb7 Rd2 32. Qxa7 Qd4 33. Rc1 Qb2
34. Rf1 Qxa2 35. Qb8+ Rd8 36. Qc7 Qxb3 37. Rce1 Qxc4 38. Rxe6 Qxe6 39. Ra1 b5
40. Ra7 Rd1+ 41. Kh2 Bf8 42. Ra8 Qe1 43. Qb8 Qg1# 0-1

[Event "ICS rated blitz match"]
[Site "204.178.125.65"]
[Date "2000.02.17"]
[Round "?"]
[White "Hossa"]
[Black "Viveiros"]
[Result "1-0"]
[WhiteElo "2302"]
[BlackElo "1996"]
[PlyCount "65"]

1. d4 Nf6 2. a3 b6 3. e3 Bb7 4. Nf3 e6 5. Bd3 Be7 6. Nbd2 d5 7. c4 O-O 8. b3
Nbd7 9. cxd5 exd5 10. O-O Bd6 11. Qc2 Re8 12. Ng5 h6 13. Ngf3 Qe7 14. Bb2 Ne4
15. Rfd1 f5 16. Bb5 Rf8 17. Bc6 Bxc6 18. Qxc6 Ndf6 19. Nxe4 fxe4 20. Ne5 Rad8
21. h3 Qe6 22. Qb7 Nd7 23. Nc6 Rde8 24. Nxa7 Rf6 25. Nb5 Ref8 26. Rd2 Rg6 27.
Nxd6 Qxh3 28. Qxd5+ Kh8 29. Qxe4 Rg4 30. Nc4 Qh4 31. Qc6 Nf6 32. Ne5 Ne4 33.
Qxe4 1-0

[Event "ICS rated blitz match"]
[Site "204.178.125.65"]
[Date "2000.02.17"]
[Round "?"]
[White "Viveiros"]
[Black "Hossa"]
[Result "0-1"]
[WhiteElo "1991"]
[BlackElo "2307"]
[PlyCount "36"]

1. e4 d6 2. d4 Nf6 3. Nc3 g6 4. Bg5 c6 5. Qd2 b5 6. f3 Bg7 7. g4 h6 8. Be3 Nbd7
9. Nh3 Nb6 10. Nf2 Nc4 11. Bxc4 bxc4 12. O-O-O Rb8 13. Ne2 Qb6 14. c3 Bd7 15.
h4 h5 16. e5 Nd5 17. Ng3 Nxe3 18. Qxe3 Qxb2# 0-1

[Event "ICS rated standard match"]
[Site "204.178.125.65"]
[Date "2000.02.17"]
[Round "?"]
[White "BryantheGreat"]
[Black "Hossa"]
[Result "0-1"]
[WhiteElo "1809"]
[BlackElo "2173"]
[PlyCount "21"]

1. e4 g6 2. d4 Bg7 3. c4 e6 4. Nc3 Ne7 5. g3 d5 6. Bg2 dxe4 7. Nge2 f5 8. O-O
O-O 9. Be3 Nbc6 10. Qc2 Nxd4 11. Nxd4 0-1

[Event "ICS rated blitz match"]
[Site "204.178.125.65"]
[Date "2000.02.18"]
[Round "?"]
[White "Hossa"]
[Black "Barsam"]
[Result "1-0"]
[WhiteElo "2317"]
[BlackElo "1922"]
[PlyCount "47"]

1. e4 c5 2. Nc3 d6 3. f4 Nc6 4. Bb5 Bd7 5. Nf3 Nf6 6. e5 dxe5 7. Nxe5 Nxe5 8.
fxe5 Bxb5 9. Nxb5 Nd5 10. e6 fxe6 11. Qh5+ g6 12. Qe5 Qd7 13. Qxh8 Qxb5 14.
Qxh7 Nf4 15. d3 Nxd3+ 16. cxd3 Qxd3 17. Rf1 O-O-O 18. Qf7 Qe4+ 19. Kf2 Qd4+ 20.
Be3 Qxb2+ 21. Kg1 Bg7 22. Qxe6+ Kb8 23. Qxe7 Rc8 24. Rab1 1-0

[Event "ICS rated blitz match"]
[Site "204.178.125.65"]
[Date "2000.02.18"]
[Round "?"]
[White "Hossa"]
[Black "Barsam"]
[Result "1-0"]
[WhiteElo "2323"]
[BlackElo "1916"]
[PlyCount "73"]

1. d4 d5 2. c4 e6 3. Nc3 Nf6 4. cxd5 exd5 5. Bg5 Be7 6. Qc2 Nbd7 7. O-O-O c6 8.
e3 O-O 9. Bd3 h6 10. Bf4 b5 11. Nge2 a5 12. e4 b4 13. Na4 dxe4 14. Bxe4 Nxe4
15. Qxe4 Ba6 16. Rhe1 Nf6 17. Qc2 Nd5 18. Bg3 Bg5+ 19. Kb1 Bb5 20. Nc1 Bxc1 21.
Rxc1 Rb8 22. Bxb8 Qxb8 23. g3 Nf6 24. Nc5 Qc8 25. f3 Rd8 26. Qf2 Nd5 27. g4 Nf4
28. Qd2 g5 29. Re7 Nd5 30. Re4 Nb6 31. h4 Nc4 32. Qe1 Nd6 33. Re7 Re8 34. hxg5
hxg5 35. Qe5 Rxe7 36. Qxg5+ Kf8 37. Rh1 1-0

[Event "ICS rated blitz match"]
[Site "204.178.125.65"]
[Date "2000.02.18"]
[Round "?"]
[White "Hossa"]
[Black "Barsam"]
[Result "1-0"]
[WhiteElo "2329"]
[BlackElo "1910"]
[PlyCount "27"]

1. e4 c5 2. Nc3 d6 3. f4 Nf6 4. e5 dxe5 5. fxe5 Ng4 6. Bb5+ Bd7 7. Qxg4 Nc6 8.
Bxc6 bxc6 9. Qf4 e6 10. Nf3 Be7 11. O-O O-O 12. Ne4 c4 13. Nf2 Bc5 14. Qxc4 1-0